La apertura y privatización de las telecomunicaciones : (Registro nro. 31066)

Detalles MARC
000 -CABECERA
Longitud fija campo de control 01060nam a2200217 a 4500
003 - • IDENTIFICADOR DELl NÚMERO DE CONTROL
Identificador del número de control CO-ViMGA
008 - • CÓDIGOS DE INFORMACIÓN DE LONGITUD FIJA
Códigos de información de longitud fija 141112s2004 ck r 000 u spa d
020 ## - • NÚMERO INTERNACIONAL NORMALIZADO PARA LIBROS
Número Internacional Normalizado para Libros (ISBN) 9589613802
040 ## - FUENTE DE LA CATALOGACIÓN
Centro catalogador de origen CO-ViMGA
Lengua de catalogación spa
Centro transcriptor CO-ViMGA
082 04 - • NÚMERO DE LA CLASIFICACIÓN DECIMAL DEWEY
Número de clasificación (R) 384.0896 S175a
100 1# - • PUNTO DE ACCESO PRINCIPAL-NOMBRE DE PERSONA
Nombre de persona Sarmiento Palacio, Eduardo; Arango, Juan Pablo; Daza, Enrique
245 10 - • TITULO PROPIAMENTE DICHO
Título La apertura y privatización de las telecomunicaciones :
Resto del título La apertura de las comunicaciones, Otro atentado contra el patrimonio nacional
300 ## - • DESCRIPCIÓN FÍSICA
Extensión 195p.
505 ## - • NOTA DE CONTENIDO CON FORMATO
Nota de contenido con formato La apertura de las telecomunicaciones : Introducción, Estructura del mercado de telecomunicaciones, Estado de telecom, propuesta de reforma, resumen ejecutivo \ \ Otro atentado contra el patrimonio nacional : Significado de la globalización, Aspecto económico, aspecto tecnico, aspecto social, anexo legal
650 14 - • PUNTO DE ACCESO ADICIONAL DE MATERIA - TÉRMINO DE MATERIA
Término de materia o nombre geográfico como elemento inicial PRIVATIZACION - COLOMBIA
650 14 - • PUNTO DE ACCESO ADICIONAL DE MATERIA - TÉRMINO DE MATERIA
Término de materia o nombre geográfico como elemento inicial PRIVATIZACION DE TELEVISION - COLOMBIA
650 14 - • PUNTO DE ACCESO ADICIONAL DE MATERIA - TÉRMINO DE MATERIA
Término de materia o nombre geográfico como elemento inicial TELECOMUNICACIONES - COLOMBIA
942 ## - ENTRADA DE ELEMENTOS AGREGADOS (KOHA)
Fuente de clasificaión o esquema Dewey Decimal Classification
Koha [por defecto] tipo de item LIbro
Existencias
Perdido Fuente de clasificación o esquema Estado Físico No para préstamo Forma de adquisición Localización permanente Localización actual Fecha adquisición Serie de enumeración / cronolog&íacute;a Préstamos totales Signatura completa Código de barras Fecha última consulta Número de copia Fecha del precio de reemplazo Tipo de item de Koha
  Dewey Decimal Classification     Sala General Segundo Piso Biblioteca Pública Germán Arciniegas - Villavicencio Biblioteca Pública Germán Arciniegas - Villavicencio 12/04/2015 Volumen. 1 | 20/oct/2009   384.0896 S175a 22769 12/04/2015 Ej. 1 12/04/2015 LIbro









Instituto Departamental de Cultura del Meta - Red Departamental de Bibliotecas Públicas del Meta.